000 00317nam a2200133Ia 4500
008 100328s9999 xx 000 0 und d
082 _b31603
100 _aशिरोडकर रजनी
245 _aकपट
260 _bप्रिया
630 _aकपट
730 _aकपट
942 _cBOOK
999 _c522457
_d522454